00516cam a2200169 a 450000100100000000500170001000800410002704000290006808200210009710000420011824500460016025000110020626000510021730000280026865000220029665000280031800001165720200929162521.0830609s1948 paua 001 0 eng  aDO-SdBNPbengcLCdBNPHU a611bC156s, 19481 aCallander, Curle Latimer,d1892-1947.00aSurgical anatomy /cC. Latimer Callander. a2a ed. aPhiladelphia :bW. B. Saunders Company,c1948. a858 p. :bil. ;c27 cm. 4aAnatomía humana 4aAnatomíatopográfica